Football Manager 24 Player Roles - Statistics

General Stats
  • This quiz has been taken 232 times
  • The average score is 31 of 57
Answer Stats
Hint Answer % Correct
GK Goalkeeper
89%
GK Sweeper Keeper
88%
FB Wing-Back
84%
WB Wing-Back
84%
FB Full-Back
81%
RM/LM Winger
79%
RW/LW Winger
79%
CB Ball Playing Defender
72%
CB Libero
70%
ST Advanced Forward
67%
DM Defensive Midfielder
66%
FB Inverted Wing-Back
66%
WB Inverted Wing-Back
66%
CM Advanced Playmaker
65%
AM Advanced Playmaker
65%
RW/LW Advanced Playmaker
65%
RM/LM Inverted Winger
63%
RW/LW Inverted Winger
63%
RW/LW Inside Forward
62%
CM Mezzala
62%
ST Poacher
61%
AM Attacking Midfielder
60%
DM Deep Lying Playmaker
60%
CM Deep Lying Playmaker
60%
CB Central Defender
59%
DM Ball Winning Midfielder
55%
CM Ball Winning Midfielder
55%
CM Box to Box Midfielder
55%
AM Shadow Striker
55%
CM Central Midfielder
53%
FB Inverted Full-Back
53%
DM Anchor
51%
ST Complete Forward
48%
FB Complete Wing-Back
48%
WB Complete Wing-Back
48%
ST Target Forward
47%
ST Pressing Forward
46%
AM Trequartista
46%
RW/LW Trequartista
46%
ST Trequartista
46%
ST Deep Lying Forward
45%
CB No-Nonsense Centre-Back
45%
ST False Nine
44%
CB Wide Centre-Back
44%
DM Half Back
43%
CM Carrilero
37%
RM/LM Defensive Winger
37%
DM Segundo Volante
37%
RM/LM Wide Midfielder
34%
DM Regista
33%
DM Roaming Playmaker
33%
CM Roaming Playmaker
33%
FB No-Nonsense Full-Back
32%
AM Enganche
26%
RM/LM Wide Playmaker
26%
RW/LW Raumdeuter
24%
RW/LW Wide Target Forward
16%
No matching quizzes found
Score Distribution
Percent of People with Each Score
Percentile by Number Answered
Your Score History
You have not taken this quiz